LIBRARY & INFORMATION CENTRE, KCAET, TAVANUR

ONLINE PUBLIC ACCESS CATALOGUE (OPAC)

Building construction / (Record no. 63)

MARC details
000 -LEADER
fixed length control field 00365cam a2200157ua 4500
003 - CONTROL NUMBER IDENTIFIER
control field OSt
008 - FIXED-LENGTH DATA ELEMENTS--GENERAL INFORMATION
fixed length control field 250108b |||||||| |||| 00| 0 eng d
041 ## - LANGUAGE CODE
Language code of text/sound track or separate title eng
082 ## - DEWEY DECIMAL CLASSIFICATION NUMBER
Classification number 690
Item number RAN/BU
100 ## - MAIN ENTRY--AUTHOR NAME
Personal name Rangwala, S C.
245 ## - TITLE STATEMENT
Title Building construction /
250 ## - EDITION STATEMENT
Edition statement 10 /
260 ## - PUBLICATION, DISTRIBUTION, ETC. (IMPRINT)
Place of publication India :
Name of publisher Charotar publishing house ,
Year of publication 1985.
300 ## - PHYSICAL DESCRIPTION
Number of Pages 750 ; .
942 ## - ADDED ENTRY ELEMENTS (KOHA)
Koha item type Books
Holdings
Withdrawn status Lost status Damaged status Home library Current library Date acquired Full call number Accession Number Koha item type Shelving location Source of acquisition Cost, normal purchase price
      KAUAET KAUAET 20/08/1986 690 RAN/BU 15430 Books      
      KAUAET KAUAET 07/04/2012 690 RAN/BU 19853 Books      
      KAUAET KAUAET 07/04/2012 690 RAN/BU   Books      
      KAUAET KAUAET 07/04/2012 690 RAN/BU 18482 Books      
      KAUAET KAUAET 07/04/2012 690 RAN/BU 12839 Books      
      KAUAET KAUAET 11/07/2022 690 RAN/BU BB 634 Book Bank scheme for SC students Scheme TBS PUBLISHERS AND DISTRIBUTERS 375.00
free website counter